000 00421nam a2200169Ia 4500
008 230524s9999 xx 000 0 und d
020 _a9788122415223
082 _a331
_bKOT
100 _aC.R.Kothari
245 0 _aResearch Methodology: Methods and Techniques
250 _a2ND
260 _aNEW DELHI
_bNew Age
_c2008
300 _aXVI;398
500 _aQuantity Number: 48
650 _aManagement
942 _cBK
999 _c42764
_d42764